Código procesal penal Ley 27.063. análisis doctrinal y jurisprudencial / 1 :
Guardado en:
| Otros Autores: | |
|---|---|
| Formato: | Libro |
| Idioma: | Spanish |
| Publicado: |
Buenos Aires :
Hammurabi,
2018.
|
| Edición: | 1a. ed. |
| Etiquetas: |
Agregar Etiqueta
Sin Etiquetas, Sea el primero en etiquetar este registro!
|
| LEADER | 00752nam a22001695a 4500 | ||
|---|---|---|---|
| 001 | DER.der013761 | ||
| 008 | 181128s2018####ag############000#0#spa#d | ||
| 005 | 20241218115930.0 | ||
| 245 | 1 | 0 | |a Código procesal penal Ley 27.063. |n 1 : |b análisis doctrinal y jurisprudencial / |c dirigido por Roberto R. Daray y coordinado por Miguel Á. Asturias. |
| 250 | |a 1a. ed. | ||
| 260 | |a Buenos Aires : |b Hammurabi, |c 2018. | ||
| 300 | |a 688 p. | ||
| 500 | |a Artículos 1º a 194. Principios fundamentales. La justicia penal y los sujetos procesales. Actividad procesal. Medios de prueba. Medidas de coerción y cautelares. | ||
| 020 | |a 9789507418570 | ||
| 700 | 1 | |a Daray, Roberto R., |e dir. | |
| 700 | 1 | |a Asturias Miguel A., |e coord. | |
| 859 | |a DERECHO |b BIB. DERECHO |h 347.03 |i DAR |p 008831 | ||
